Normal view MARC view
  • Adler Alan

Entry Personal Name

Number of records used in: 1

001 - CONTROL NUMBER

  • control field: 5809

003 - CONTROL NUMBER IDENTIFIER

  • control field: IT-RoPau

005 - DATE AND TIME OF LATEST TRANSACTION

  • control field: 20131217163316.0

008 - FIXED-LENGTH DATA ELEMENTS

  • fixed length control field: 131217|| aca||aabn | a|a d

040 ## - CATALOGING SOURCE

  • Original cataloging agency: IT-RoPau
  • Transcribing agency: IT-RoPau

100 ## - HEADING--PERSONAL NAME

  • Personal name: Adler Alan
  • Dates associated with a name: Codice autore SPICS: 6921
  • Relator term: Autore
  • Name of part/section of a work: Hernando's Hideaway

670 ## - SOURCE DATA FOUND

  • Source citation: Work cat.: (IT-RoPau)99914: AA.VV. 794, Concerto in Phase 4 stereo Spectacular (Lp Decca Sph 6)
CREDITS: SOCIETA' SAN PAOLO Via A.Severo, 58 - ROMA (RM) & PERIODICI SAN PAOLO SRL Via Giotto, 36 MILANO & CISF Via Giotto, 36 MILANO & EDIZIONI SAN PAOLO SRL,  Piazza Soncino, 5 CINISELLO BALSAMO (MI) -- ITALY